The documentary film reader : (Record no. 28392)

MARC details
000 -LEADER
fixed length control field 00981cam a22002895i 4500
001 - CONTROL NUMBER
control field 18573201
003 - CONTROL NUMBER IDENTIFIER
control field EG-ScBUE
005 - DATE AND TIME OF LATEST TRANSACTION
control field 20200322114200.0
008 - FIXED-LENGTH DATA ELEMENTS--GENERAL INFORMATION
fixed length control field 150413t20162016enka f b 001 0 eng d
020 ## - INTERNATIONAL STANDARD BOOK NUMBER
International Standard Book Number 9780199739646 (cloth)
020 ## - INTERNATIONAL STANDARD BOOK NUMBER
International Standard Book Number 9780199739653 (pbk.)
040 ## - CATALOGING SOURCE
Original cataloging agency DLC
Language of cataloging eng
Description conventions rda
Transcribing agency DLC
Modifying agency EG-ScBUE
082 04 - DEWEY DECIMAL CLASSIFICATION NUMBER
Classification number 070.18
Item number DOC
Edition number 22
245 04 - TITLE STATEMENT
Title The documentary film reader :
Remainder of title history, theory, criticism /
Statement of responsibility, etc edited by Jonathan Kahana.
264 #1 - PUBLICATION, DISTRIBUTION, ETC. (IMPRINT)
Place of publication, distribution, etc Oxford ;
-- New York :
Name of publisher, distributor, etc Oxford University Press,
Date of publication, distribution, etc [2016]
264 #4 - PUBLICATION, DISTRIBUTION, ETC. (IMPRINT)
Date of publication, distribution, etc c2016
300 ## - PHYSICAL DESCRIPTION
Extent xviii, 1024 pages :
Other physical details illustrations ;
Dimensions 26 cm
336 ## - CONTENT TYPE
Content type term text
Content type code txt
Source rdacontent
337 ## - MEDIA TYPE
Media type term unmediated
Media type code n
Source rdamedia
338 ## - CARRIER TYPE
Carrier type term volume
Carrier type code nc
Source rdacarrier
504 ## - BIBLIOGRAPHY, ETC. NOTE
Bibliography, etc Includes bibliographical references and index.
650 #7 - SUBJECT ADDED ENTRY--TOPICAL TERM
Topical term or geographic name as entry element Documentary films
General subdivision History and criticism.
Source of heading or term BUEsh
9 (RLIN) 30845
653 ## - INDEX TERM--UNCONTROLLED
Resource For college Communication and mass media
Arrived date list March2020
655 ## - INDEX TERM--GENRE/FORM
Form subdivision Text book
9 (RLIN) 33728
700 1# - ADDED ENTRY--PERSONAL NAME
Personal name Kahana, Jonathan,
Dates associated with a name 1966-
Relator term editor.
942 ## - ADDED ENTRY ELEMENTS (KOHA)
Source of classification or shelving scheme Dewey Decimal Classification
Koha item type Book - Borrowing

No items available.